000 00417nam a22001697a 4500
005 20160616095832.0
008 160616b xxu||||| |||| 00| 0 eng d
020 _a81-7808-062-1
041 _aeng
082 _b7893
100 _aBirley, Sue and Muzyka, David F.
_92047
245 _aMastering Enterprise
260 _aDelhi
_bpearson education
_c2000
300 _a367
650 _aManagement
_9241
942 _cBK
999 _c2863
_d2862